Personnages de dessins animés en images - G - Statistiques

Statistiques générales
  • Ce quiz a été pris 983 fois
  • Le résultat moyen est 11 sur 16
Statistiques - réponses
Par images Réponse % Correct
Garfield
99%
Le Grinch
99%
Gargamel
98%
Le Génie
95%
Grincheux
93%
Gru
91%
Grominet
82%
Gepetto
81%
Goldorak
81%
Gaston
71%
Gloria
55%
Mère Gothel
50%
Gromit
49%
Auguste Gusteau
35%
Gluglu
24%
Gunter
23%
Aucun quiz correspondant
Distribution des résultats
% des personnes avec chaque résultat
Percentile par nombre de réponses
Votre historique - résultats
Vous n’avez pas pris ce quiz